[Event "Ceske Budejovice op-B"]
[Site "Ceske Budejovice"]
[Date "2023.07.08"]
[Round "8"]
[White "Karolyi, Lukas"]
[Black "Cyron, Karel"]
[Result "1/2-1/2"]
[WhiteElo "1784"]
[BlackElo "1672"]
[PlyCount "34"]
[EventDate "2023.07.01"]
[EventType "swiss"]
[EventRounds "9"]
[EventCountry "CZE"]
[SourceTitle "EXT 2024"]
[Source "ChessBase"]
[SourceDate "2023.10.10"]
[SourceVersion "1"]
[SourceVersionDate "2023.10.10"]
[SourceQuality "1"]

1. Nf3 c5 2. g3 Nf6 3. Bg2 g6 4. 0-0 Bg7 5. c4 0-0 6. Nc3 d6 7. d4 a6 8. dxc5 dxc5 9. Qb3 Nbd7 10. Rd1 Qb6 11. Be3 Qc7 12. Nd5 Nxd5 13. Rxd5 b6 14. Rdd1 Bb7 15. Bd2 Rfe8 16. Bc3 e5 17. Ne1 Rad8 1/2-1/2

[Event "Ceske Budejovice op-B"]
[Site "Ceske Budejovice"]
[Date "2023.07.06"]
[Round "6"]
[White "Krupansky, Jaromir"]
[Black "Karolyi, Lukas"]
[Result "1/2-1/2"]
[WhiteElo "1642"]
[BlackElo "1784"]
[PlyCount "52"]
[EventDate "2023.07.01"]
[EventType "swiss"]
[EventRounds "9"]
[EventCountry "CZE"]
[SourceTitle "EXT 2024"]
[Source "ChessBase"]
[SourceDate "2023.10.10"]
[SourceVersion "1"]
[SourceVersionDate "2023.10.10"]
[SourceQuality "1"]

1. e4 e6 2. d4 d5 3. Nc3 Nf6 4. e5 Nfd7 5. Nf3 c5 6. dxc5 Bxc5 7. Bd3 Nc6 8. Bf4 f6 9. exf6 Nxf6 10. Ne5 Bd6 11. Nxc6 bxc6 12. Bxd6 Qxd6 13. Qe2 e5 14. f3 0-0 15. 0-0 Rb8 16. Rab1 d4 17. Ne4 Nxe4 18. Bxe4 c5 19. Bd3 Be6 20. Qe4 Bf5 21. Bc4+ Kh8 22. Qe2 Rfe8 23. Rfe1 Re7 24. Qf2 Qg6 25. Re2 Rbe8 26. Bb5 Rb8 1/2-1/2

[Event "Ceske Budejovice op-B"]
[Site "Ceske Budejovice"]
[Date "2023.07.01"]
[Round "1"]
[White "Karolyi, Lukas"]
[Black "Pesek, Petr1111"]
[Result "1-0"]
[WhiteElo "1784"]
[BlackElo "1398"]
[PlyCount "37"]
[EventDate "2023.07.01"]
[EventType "swiss"]
[EventRounds "9"]
[EventCountry "CZE"]
[SourceTitle "EXT 2024"]
[Source "ChessBase"]
[SourceDate "2023.10.10"]
[SourceVersion "1"]
[SourceVersionDate "2023.10.10"]
[SourceQuality "1"]

1. e4 e5 2. Nf3 Nc6 3. Nc3 Nf6 4. Bb5 a6 5. Bxc6 bxc6 6. Nxe5 Bb7 7. 0-0 d5 8. d3 Bb4 9. Bd2 0-0 10. Nf3 Bxc3 11. Bxc3 dxe4 12. Bxf6 Qxf6 13. dxe4 Qxb2 14. Rb1 Qxa2 15. Rxb7 Rad8 16. Qb1 Qa5 17. Qb4 Qxb4 18. Rxb4 a5 19. Ra4 1-0